Begins and Ends: Bible Books Quiz Stats

 Plays Quiz Updated May 4, 2019

Score 0/20 Timer 04:00
6 Plays Today
Begins and Ends Book % Correct
M _ _ KMark
92.7%
S _ _ G    O F    S _ _ _ _ _ NSong of Solomon
90.1%
2    K _ _ _ S2 Kings
89.6%
L _ _ ELuke
87.2%
D _ _ _ _ _ _ _ _ _ YDeuteronomy
87.1%
M _ _ _ _ _ WMatthew
86.9%
I _ _ _ _ HIsaiah
84.2%
1    C _ _ _ _ _ _ _ _ _ S1 Corinthians
83.3%
E _ _ _ _ _ LEzekiel
81.9%
1    T _ _ _ _ _ Y1 Timothy
80.1%
Begins and Ends Book % Correct
2    S _ _ _ _ L2 Samuel
78.9%
E _ _ _ _ REsther
77.8%
J _ _ EJude
77%
R _ _ _ _ _ _ _ _ N T O J _ _ NRevelation to John
71.9%
O _ _ _ _ _ HObadiah
66.7%
N _ _ _ _ _ SNumbers
66.7%
T _ _ _ STitus
61.7%
R _ _ _ _ SRomans
60.5%
E _ _ _ _ SExodus
57.9%
H _ _ _ _ _ _ KHabakkuk
51%

You're not logged in!

Compare scores with friends on all Sporcle quizzes.
OR
Log In

Show Comments

Extras

Top Quizzes Today


Score Distribution

Your Account Isn't Verified!

In order to create a playlist on Sporcle, you need to verify the email address you used during registration. Go to your Sporcle Settings to finish the process.

Report this User

Report this user for behavior that violates our Community Guidelines.

Details: